01149cam a22003257a 4500003000500000005001700005008004100022010001000063011001000073020001800083035001100101040000900112082001700121245006800138260002500206300001100231590004100242590004100283590004100324590004200365650004700407650006100454700003000515901000700545905001000552942001000562949008400572999001700656952015000673CHAP20220329143012.0050615d2004 uk r 00110 eng d a90489 a91461 a0 85199 369 9 a102020 cCHAP04a636.085bE5514aThe Encyclopedia of farm animal nutritionc/ed. by M. F. Fuller aOxon :bCABI,c2004. a606 p. aBATCH-UPDb10c20130110lUCH01h0655 aBATCH-UPDb10c20130410lUCH01h0340 aBATCH-UPDb10c20130914lUCH01h1652 aCONVERSIONb10c20130109lUCH01h135014aAlimentos y alimentacion del ganado.9432614aNutrición animalxEnciclopedias y diccionarios.9822790 aFuller, M. F.eed.943936 aBK aLilia cLIBRO a636.085 E55bBCcCd33724000958310eCgI.00224358h101614i102020sbt$3.243.00 c90489d90489 00102ddc4051708CaBCbBCcPA_CONSULTAd2019-12-31eI.00224358fLIBROl0o636.085 E55p33724000958310r2019-12-31 00:00:00w2019-12-31yLIBRO